Häufig verwechselte deutsche Geographie - Multiple Choice - Statistiken

Allgemein
  • Dieses Quiz wurde 107 mal gespielt
  • Das Durchschnittsergebnis liegt bei 7 aus 8
Antwortstatistiken
Frage Antwort % Korrekt
Welche Karte zeigt Hamburg?
98%
Welche Karte zeigt Thüringen?
93%
Welche Karte zeigt Fehmarn?
88%
Welche Karte zeigt den Schweriner See?
88%
Welche Karte zeigt die Mosel?
84%
Welche Karte zeigt Dresden?
84%
Welche Karte zeigt das Erzgebirge?
74%
Welche Karte zeigt die Eifel?
68%
Keine übereinstimmenden Quizze gefunden
Verteilung der Resultate
Anzahl Personen mit jedem Resultat
Perzentil nach korrekt beantworteten Fragen
Ihre Resultats-Entwicklung
Sie haben dieses Quiz noch nicht gespielt